[Event "Pfalz op-B 11th"]
[Site "Neustadt an der Weinstrasse"]
[Date "2020.02.23"]
[Round "4"]
[White "Ensslinger, Colin"]
[Black "Triantafillidis, Dimitrios"]
[Result "1/2-1/2"]
[WhiteElo "1755"]
[BlackElo "1616"]
[PlyCount "52"]
[EventDate "2020.02.21"]
[EventType "swiss"]
[EventRounds "7"]
[EventCountry "GER"]
[SourceTitle "CBM 195 Extra"]
[Source "ChessBase"]
[SourceDate "2020.05.31"]
[SourceVersion "1"]
[SourceVersionDate "2020.05.31"]
[SourceQuality "1"]

1. c4 c5 2. g3 g6 3. Bg2 Bg7 4. Nc3 Nc6 5. a3 d6 6. e3 Rb8 7. Nge2 Nf6 8. 0-0 0-0 9. d4 a6 10. Rb1 Bd7 11. b4 b6 12. f4 e6 13. b5 Na5 14. bxa6 Qc7 15. Nb5 Bxb5 16. cxb5 d5 17. dxc5 Qxc5 18. Bd2 Qxa3 19. Ra1 Qc5 20. Nd4 Ng4 21. Kh1 Nc4 22. Qxg4 Nxd2 23. Rfc1 Nc4 24. Ra4 Bxd4 25. exd4 Qxb5 26. Raxc4 dxc4 1/2-1/2

[Event "Pfalz op-B 11th"]
[Site "Neustadt an der Weinstrasse"]
[Date "2020.02.23"]
[Round "5"]
[White "Triantafillidis, Dimitrios"]
[Black "Toth, Marc"]
[Result "1/2-1/2"]
[WhiteElo "1616"]
[BlackElo "1713"]
[PlyCount "38"]
[EventDate "2020.02.21"]
[EventType "swiss"]
[EventRounds "7"]
[EventCountry "GER"]
[SourceTitle "CBM 195 Extra"]
[Source "ChessBase"]
[SourceDate "2020.05.31"]
[SourceVersion "1"]
[SourceVersionDate "2020.05.31"]
[SourceQuality "1"]

1. e4 c6 2. d4 d5 3. exd5 cxd5 4. c4 e6 5. Nc3 Nf6 6. Nf3 Nc6 7. Bf4 Be7 8. Bd3 0-0 9. 0-0 a6 10. a3 dxc4 11. Bxc4 Nd5 12. Qd2 Bf6 13. Rfd1 Nce7 14. Be5 Nxc3 15. Qxc3 Nd5 16. Qb3 Be7 17. Rac1 Nb6 18. Bf1 Nd5 19. Bc4 Nb6 1/2-1/2

[Event "Pfalz op-B 11th"]
[Site "Neustadt an der Weinstrasse"]
[Date "2020.02.21"]
[Round "1"]
[White "Triantafillidis, Dimitrios"]
[Black "Wieber, Dominik"]
[Result "1-0"]
[WhiteElo "1616"]
[BlackElo "1797"]
[PlyCount "61"]
[EventDate "2020.02.21"]
[EventType "swiss"]
[EventRounds "7"]
[EventCountry "GER"]
[SourceTitle "CBM 195 Extra"]
[Source "ChessBase"]
[SourceDate "2020.05.31"]
[SourceVersion "1"]
[SourceVersionDate "2020.05.31"]
[SourceQuality "1"]

1. e4 e5 2. Nf3 Nc6 3. Bc4 Bc5 4. b4 Bxb4 5. c3 Ba5 6. d4 exd4 7. 0-0 Nge7 8. Ng5 Ne5 9. Nxf7 Nxf7 10. Bxf7+ Kxf7 11. Qh5+ Ng6 12. Qxa5 dxc3 13. Qd5+ Kf8 14. Nxc3 d6 15. Re1 Qe8 16. Ba3 Nf4 17. Bxd6+ cxd6 18. Qxd6+ Qe7 19. Qxf4+ Qf7 20. Qd2 Be6 21. Re3 Ke8 22. Nb5 Qe7 23. Rc1 Rd8 24. Qe2 Rf8 25. e5 Rf4 26. Rec3 Bd5 27. Nc7+ Kf8 28. Nxd5 Rxd5 29. Rc8+ Rd8 30. Qd2 Rfd4 31. Qxd4 1-0

[Event "Wiesbaden op 29th"]
[Site "Wiesbaden"]
[Date "2017.08.27"]
[Round "6"]
[White "Triantafillidis, Dimitrios"]
[Black "Meding, Olaf"]
[Result "0-1"]
[WhiteElo "1624"]
[BlackElo "1799"]
[PlyCount "60"]
[EventDate "2017.08.24"]
[EventType "swiss"]
[EventRounds "7"]
[EventCountry "GER"]
[SourceTitle "CBM 180 Extra"]
[Source "ChessBase"]
[SourceDate "2017.10.06"]
[SourceVersion "1"]
[SourceVersionDate "2017.10.06"]
[SourceQuality "1"]

1. e4 e6 2. b3 Nf6 3. e5 Nd5 4. Qg4 Nc6 5. Bb2 b6 6. Nf3 Bb7 7. Be2 f5 8. exf6 Nxf6 9. Qh3 Qe7 10. Nc3 0-0-0 11. 0-0-0 Kb8 12. Rhe1 Rg8 13. Bf1 g5 14. Ne5 Nxe5 15. Rxe5 Qf7 16. Rde1 Bd6 17. R5e2 Rdf8 18. Nb5 Bf4 19. Bxf6 Qxf6 20. Qc3 Qxc3 21. Nxc3 Bxh2 22. Ne4 Bxe4 23. Rxe4 Rxf2 24. Ba6 Rgf8 25. Rd4 Bd6 26. a4 Rxg2 27. a5 Rf4 28. Rd5 Rfg4 29. Kb2 h5 30. Rf1 exd5 0-1

[Event "Wiesbaden op 29th"]
[Site "Wiesbaden"]
[Date "2017.08.26"]
[Round "4"]
[White "Triantafillidis, Dimitrios"]
[Black "Poghosyan, Tigran"]
[Result "0-1"]
[WhiteElo "1624"]
[BlackElo "2192"]
[PlyCount "78"]
[EventDate "2017.08.24"]
[EventType "swiss"]
[EventRounds "7"]
[EventCountry "GER"]
[SourceTitle "CBM 180 Extra"]
[Source "ChessBase"]
[SourceDate "2017.10.06"]
[SourceVersion "1"]
[SourceVersionDate "2017.10.06"]
[SourceQuality "1"]

1. e4 c5 2. c3 d5 3. exd5 Qxd5 4. d4 Nc6 5. Nf3 Bf5 6. a3 Nf6 7. Be2 cxd4 8. cxd4 Bxb1 9. Rxb1 e6 10. 0-0 Be7 11. Be3 0-0 12. Re1 Rfd8 13. h3 a5 14. Qa4 Rab8 15. Qb5 Na7 16. Qxd5 Nxd5 17. Rbc1 Bf6 18. Red1 Nc6 19. Bg5 Bxg5 20. Nxg5 Nf4 21. Bf3 Nxd4 22. Kf1 h6 23. Ne4 b6 24. Nd2 Nd3 25. Rb1 Rbc8 26. Be4 Nf4 27. Nf3 Nb3 28. Rxd8+ Rxd8 29. Bc2 Nd2+ 30. Nxd2 Rxd2 31. Rc1 g5 32. Ke1 Re2+ 33. Kf1 Rd2 34. Ke1 Rd4 35. Kf1 Kg7 36. Rd1 Rxd1+ 37. Bxd1 Kf6 38. Bf3 Ke5 39. Ke1 Nd3+ 0-1

[Event "Wiesbaden op 29th"]
[Site "Wiesbaden"]
[Date "2017.08.25"]
[Round "3"]
[White "Launert, Martin"]
[Black "Triantafillidis, Dimitrios"]
[Result "0-1"]
[WhiteElo "1894"]
[BlackElo "1624"]
[PlyCount "78"]
[EventDate "2017.08.24"]
[EventType "swiss"]
[EventRounds "7"]
[EventCountry "GER"]
[SourceTitle "CBM 180 Extra"]
[Source "ChessBase"]
[SourceDate "2017.10.06"]
[SourceVersion "1"]
[SourceVersionDate "2017.10.06"]
[SourceQuality "1"]

1. e4 c6 2. d4 d5 3. Nc3 dxe4 4. Nxe4 Bf5 5. Ng3 Bg6 6. Nf3 Nd7 7. Bd3 Bxd3 8. Qxd3 Ngf6 9. Bd2 e6 10. 0-0-0 g6 11. h4 c5 12. h5 cxd4 13. hxg6 fxg6 14. Nxd4 Nc5 15. Qe3 Qd5 16. Kb1 0-0-0 17. Nb5 Bg7 18. Bc1 Qc4 19. Nxa7+ Kb8 20. Qa3 Na6 21. b3 Qc5 22. Qxc5 Nxc5 23. Nb5 Ng4 24. Rxd8+ Rxd8 25. f3 Nf6 26. Bf4+ Kc8 27. Nd6+ Kd7 28. Nc4 Kc6 29. Ne5+ Kb6 30. Kc1 Nd5 31. Nc4+ Ka6 32. Be5 Bxe5 33. Nxe5 Ne3 34. Rxh7 Rd1+ 35. Kb2 Rd2 36. Ne4 Rxc2+ 37. Ka3 Nxe4 38. fxe4 Rxg2 39. Rh6 Nc2+ 0-1

[Event "Wiesbaden op 29th"]
[Site "Wiesbaden"]
[Date "2017.08.25"]
[Round "2"]
[White "Triantafillidis, Dimitrios"]
[Black "Boder, Jan"]
[Result "1-0"]
[WhiteElo "1624"]
[BlackElo "1808"]
[PlyCount "125"]
[EventDate "2017.08.24"]
[EventType "swiss"]
[EventRounds "7"]
[EventCountry "GER"]
[SourceTitle "CBM 180 Extra"]
[Source "ChessBase"]
[SourceDate "2017.10.06"]
[SourceVersion "1"]
[SourceVersionDate "2017.10.06"]
[SourceQuality "1"]

1. e4 c5 2. c3 e5 3. d4 cxd4 4. cxd4 exd4 5. Qxd4 Nc6 6. Qd1 Nf6 7. Nc3 Bb4 8. Bd2 Qe7 9. Qe2 0-0 10. f3 Re8 11. 0-0-0 a5 12. Nb5 Qc5+ 13. Qc4 Qxc4+ 14. Bxc4 Re7 15. Bf4 b6 16. Ne2 Bb7 17. Bg5 Rc8 18. Kb1 Ne5 19. Bb3 Ba6 20. Nec3 Bxc3 21. Nxc3 Ree8 22. Bxf6 gxf6 23. Nd5 Rc6 24. Rc1 Kg7 25. Rxc6 dxc6 26. Nxb6 Rd8 27. Rd1 Rxd1+ 28. Bxd1 Bf1 29. f4 Nd3 30. g3 Bg2 31. Nc4 Bxe4 32. Nxa5 Nb4+ 33. Ka1 Kg6 34. Nc4 Bd5 35. b3 Kf5 36. Nd2 h6 37. Kb2 Nd3+ 38. Kc3 Nf2 39. Bf3 Bxf3 40. Nxf3 Kg4 41. Ng1 Ne4+ 42. Kd4 f5 43. a4 c5+ 44. Kc4 Nd2+ 45. Kc3 Ne4+ 46. Kc2 h5 47. a5 Nd6 48. Kd3 h4 49. Ne2 Kf3 50. gxh4 c4+ 51. bxc4 f6 52. h5 Kg2 53. h6 Ne4 54. h7 Kh1 55. h4 Nf2+ 56. Kd4 Kh2 57. h8Q Ng4 58. Qg8 Kh1 59. Ng3+ Kh2 60. Nxf5 Nf2 61. Qg3+ Kh1 62. Ne3 Ne4 63. Qg2# 1-0

[Event "Wiesbaden op 26th"]
[Site "Wiesbaden"]
[Date "2014.08.31"]
[Round "6"]
[White "Triantafillidis, Dimitrios"]
[Black "Karsay, Pascal"]
[Result "0-1"]
[WhiteElo "1659"]
[BlackElo "1766"]
[PlyCount "120"]
[EventDate "2014.08.28"]
[EventType "swiss"]
[EventRounds "7"]
[EventCountry "GER"]
[SourceTitle "CBM 162 Extra"]
[Source "ChessBase"]
[SourceDate "2014.10.17"]
[SourceVersion "1"]
[SourceVersionDate "2014.10.17"]
[SourceQuality "1"]

1. e4 c5 2. c3 d5 3. exd5 Qxd5 4. d4 cxd4 5. cxd4 Nc6 6. Nf3 Bg4 7. Be2 e6 8. Nc3 Qd8 9. 0-0 Nf6 10. Be3 Be7 11. Rc1 0-0 12. Qd2 Rc8 13. Rfd1 Nb4 14. Bg5 Nbd5 15. Ne5 Bxe2 16. Qxe2 Qa5 17. Qb5 Qxb5 18. Nxb5 a6 19. Nc3 b5 20. Nc6 Rxc6 21. Nxd5 Nxd5 22. Rxc6 Bxg5 23. Rxa6 g6 24. Ra5 Rb8 25. Rd3 b4 26. Rb3 Rc8 27. g3 Bf6 28. Rxd5 exd5 29. Rxb4 Rc4 30. Rb8+ Kg7 31. f4 Bxd4+ 32. Kg2 Rc2+ 33. Kh3 Rxb2 34. Rd8 Rxa2 35. Rxd5 Bg1 36. g4 Bxh2 37. f5 Bf4 38. g5 Bxg5 39. Kg4 Bf6 40. fxg6 hxg6 41. Rd1 Ra4+ 42. Kf3 Bg5 43. Rd7 Kf6 44. Rb7 Rf4+ 45. Kg3 Re4 46. Kf3 Re7 47. Rb6+ Kg7 48. Kg4 Kh6 49. Kf3 f5 50. Rb8 Re3+ 51. Kf2 Bf4 52. Rb4 g5 53. Rb5 Re5 54. Rb6+ Kh5 55. Kf3 Re3+ 56. Kf2 Kg4 57. Rh6 Rh3 58. Rc6 Rh2+ 59. Kf1 Kf3 60. Rc3+ Be3 0-1

[Event "Wiesbaden op 26th"]
[Site "Wiesbaden"]
[Date "2014.08.30"]
[Round "4"]
[White "Huber, Timm Janik"]
[Black "Triantafillidis, Dimitrios"]
[Result "1-0"]
[WhiteElo "1847"]
[BlackElo "1659"]
[PlyCount "85"]
[EventDate "2014.08.28"]
[EventType "swiss"]
[EventRounds "7"]
[EventCountry "GER"]
[SourceTitle "CBM 162 Extra"]
[Source "ChessBase"]
[SourceDate "2014.10.17"]
[SourceVersion "1"]
[SourceVersionDate "2014.10.17"]
[SourceQuality "1"]

1. d4 d5 2. c4 e5 3. dxe5 d4 4. Nf3 Nc6 5. h3 Nge7 6. e3 dxe3 7. Qxd8+ Nxd8 8. Bxe3 Ndc6 9. Nc3 Ng6 10. 0-0-0 Be6 11. Nb5 Rc8 12. Nbd4 Bc5 13. Nxc6 Bxe3+ 14. fxe3 bxc6 15. Be2 0-0 16. Rd2 Rfe8 17. Rhd1 Bf5 18. Bd3 Bxd3 19. Rxd3 Nxe5 20. Nxe5 Rxe5 21. Rd8+ Re8 22. Rxc8 Rxc8 23. Rd7 Kf8 24. Kc2 Ke8 25. Rd4 Ke7 26. Kd3 Kf6 27. Rf4+ Kg6 28. b3 Rd8+ 29. Rd4 Rc8 30. Rg4+ Kf6 31. Kd4 Rd8+ 32. Kc5 Rd2 33. Kxc6 Rxa2 34. Kxc7 Rb2 35. c5 Rxb3 36. Rd4 Rxe3 37. c6 Ke7 38. Rd7+ Ke8 39. Kc8 a5 40. Ra7 Rc3 41. c7 Rc5 42. Kb8 Kd7 43. c8Q+ 1-0

[Event "Wiesbaden op 25th"]
[Site "Wiesbaden"]
[Date "2013.08.25"]
[Round "7"]
[White "Breitbach, Stephan"]
[Black "Triantafillidis, Dimitrios"]
[Result "0-1"]
[WhiteElo "1685"]
[BlackElo "1659"]
[PlyCount "108"]
[EventDate "2013.08.22"]
[EventType "swiss"]
[EventRounds "7"]
[EventCountry "GER"]
[SourceTitle "CBM 156 Extra"]
[Source "ChessBase"]
[SourceDate "2013.10.22"]
[SourceVersion "1"]
[SourceVersionDate "2013.10.22"]
[SourceQuality "1"]

1. e4 e5 2. Nf3 Nc6 3. c3 Nf6 4. Bd3 b6 5. Bc2 Bb7 6. d4 exd4 7. cxd4 d6 8. 0-0 Qd7 9. Nc3 g6 10. d5 Ne5 11. Nd4 Bg7 12. f4 Qe7 13. fxe5 Qxe5 14. Bf4 Qe7 15. Ba4+ Nd7 16. Nc6 Qh4 17. Qf3 0-0 18. Qg3 Qxg3 19. Bxg3 Nc5 20. Bc2 Rae8 21. Rfe1 a6 22. Rab1 Nd7 23. b4 Bxc6 24. dxc6 Bxc3 25. cxd7 Re7 26. Red1 Rxd7 27. e5 d5 28. Be4 c6 29. Bf3 Re7 30. Bxd5 cxd5 31. Rxd5 Rfe8 32. Rd6 Re6 33. b5 a5 34. a3 R6e7 35. Rb3 Ba1 36. Rbd3 Re6 37. Rxe6 Rxe6 38. Rd6 a4 39. Bf2 Bxe5 40. Rxe6 fxe6 41. Bxb6 Bd6 42. Bd4 Bxa3 43. b6 Bd6 44. g3 Kf7 45. Kg2 Ke8 46. Kf3 Kd7 47. Kg4 Be7 48. h4 a3 49. h5 a2 50. hxg6 hxg6 51. Kf4 Kc6 52. b7 Bd6+ 53. Kg5 Kxb7 54. Kg4 Kc6 0-1

[Event "Wiesbaden op 25th"]
[Site "Wiesbaden"]
[Date "2013.08.23"]
[Round "3"]
[White "Paschmann, Stefan"]
[Black "Triantafillidis, Dimitrios"]
[Result "1-0"]
[WhiteElo "1886"]
[BlackElo "1660"]
[PlyCount "53"]
[EventDate "2013.08.22"]
[EventType "swiss"]
[EventRounds "7"]
[EventCountry "GER"]
[SourceTitle "EXT 2014"]
[Source "ChessBase"]
[SourceDate "2013.11.20"]
[SourceVersion "1"]
[SourceVersionDate "2013.11.20"]
[SourceQuality "1"]

1. d4 Nf6 2. Nf3 g6 3. Nc3 Bg7 4. e4 d6 5. Be3 0-0 6. Qd2 Re8 7. Be2 Nfd7 8. h4 e5 9. d5 h5 10. Ng5 Nf6 11. f3 c6 12. dxc6 bxc6 13. 0-0-0 Bf8 14. Bc4 Be6 15. Nxe6 fxe6 16. Bh6 d5 17. Bxf8 Rxf8 18. Qg5 Qe8 19. exd5 exd5 20. Bb3 Kg7 21. Rde1 Nbd7 22. Rhf1 d4 23. Ne4 Nh7 24. Qg3 Qe7 25. Qh2 Rf5 26. Ng3 Rf4 27. Nxh5+ 1-0

[Event "Wiesbaden op 25th"]
[Site "Wiesbaden"]
[Date "2013.08.22"]
[Round "1"]
[White "Willems, Matthias"]
[Black "Triantafillidis, Dimitrios"]
[Result "1-0"]
[WhiteElo "2037"]
[BlackElo "1660"]
[PlyCount "79"]
[EventDate "2013.08.22"]
[EventType "swiss"]
[EventRounds "7"]
[EventCountry "GER"]
[SourceTitle "EXT 2014"]
[Source "ChessBase"]
[SourceDate "2013.11.20"]
[SourceVersion "1"]
[SourceVersionDate "2013.11.20"]
[SourceQuality "1"]

1. d4 Nf6 2. Bg5 d5 3. Bxf6 exf6 4. e3 Be6 5. g3 Bd6 6. Bg2 c6 7. Nd2 Nd7 8. Ne2 Nf8 9. b3 Qa5 10. 0-0 Bb4 11. Nf3 Ng6 12. Qd3 Ne7 13. c3 Bf5 14. Qd2 Bd6 15. h3 0-0 16. a4 Ng6 17. Rfc1 h5 18. b4 Qc7 19. c4 Qd7 20. h4 Be4 21. c5 Bb8 22. Nc3 Qc7 23. Nxe4 dxe4 24. Ne1 f5 25. Qd1 Nxh4 26. gxh4 Qh2+ 27. Kf1 Qxh4 28. d5 Be5 29. Ra2 Rad8 30. d6 f4 31. exf4 Qxf4 32. Rc4 f5 33. Qxh5 Rf6 34. Nd3 exd3 35. Rxf4 Bxf4 36. Qd1 d2 37. Rxd2 Bxd2 38. Qxd2 Re6 39. Qg5 Rde8 40. Bf3 1-0